Countries That Defeated China - Statistics

General Stats
  • This quiz has been taken 28 times
  • The average score is 8 of 10
Answer Stats
Countries % Correct
Japan
100%
UK
96%
Mongolia
92%
Russia
92%
USA
92%
France
88%
India
81%
Germany
73%
Vietnam
73%
Taiwan
58%
No matching quizzes found
Score Distribution
Percent of People with Each Score
Percentile by Number Answered
Your Score History
You have not taken this quiz